000 00653nam a2200301Ia 4500
005 20260401122157.0
008 008 250103s9999 xx 000 0 eng d
020 _a8126002336
037 _aTB
040 _aEDL
040 _beng
040 _cEDL
041 _2eng
041 _aeng
084 _a891.439 HUS
084 _qEDL
100 _aHusain, Masud
_91232825
245 0 _aMohammad Quli Qutb Shah
245 0 _cHusain, Masud
260 _aNew Delhi
260 _bSahitya Akademi
260 _c1996
300 _a73p
942 _cTB
942 _h891.439 HUS
999 _c1845430
_d1845430